000
00285 a2200109 4500
245
_a
House of cards
_h
print
650
_a
English Novel
005
20191021095124.0
260
_a
nyu
_b
Random House
_c
[1967]
084
_a
PZ3.E4558 Ho
300
_a
336 p. 22cm.
_b
336 p. 22cm.
_c
336 p. 22cm.
999
_c
11844
_d
11844